00398nam a22001457a 4500008004100000020001500041050001500056100001900071245004900090250001200139260004200151300002300193500001900216650001700235140910b xxu||||| |||| 00| 0 eng d a1859416802 aKD7869.M73 aMolan, Michael aSourcebook on criminal law. /cMichael Molan a2nd ed. aLondon:bCavendish publishing,c2001. aliv, 1179p.c24cm. aIncludes index aCriminal law